000 00989nam a2200277Ia 4500
001 Para_3183
003 CHAP
008 220125s1986 xx 000 0 und d
010 _a198774
040 _cCHAP
090 _aPA TESIS 416
100 _aGarcía González, Fabián
_946066
245 _aResíduos de insecticidas organoclorados en suelos de la Comarca Lagunera, Méx. /
_c Fabián García González
260 _aChapingo, Méx. :
_b El autor
300 _a51 h.
502 _aTesis (Ing. Agr. Esp. en Parasitología Agrícola) -- UACh. Departamento de Parasitología Agrícola
650 _aSuelos
_x Comarca Lagunera Insecticidas
_x Efecto en suelos Residuos químicos Insecticidas clorados
_9164076
710 _aUACh. Departamento de Parasitología Agrícola
_9115877
901 _aPA TESIS 416
902 _aA
905 _a0000001986 CHAbi 0000000000 00
910 _a1986
942 _cPARA
942 _cPARA
_d1
999 _c198774
_d198774